| 000 | 00808nam a2200229 a 4500 | ||
|---|---|---|---|
| 999 |
_c10256 _d10256 |
||
| 001 | 10256 | ||
| 003 | BD-JhCC | ||
| 005 | 20220811134024.0 | ||
| 008 | 170423s19882017bg |||| ||a| 000 0 ben d | ||
| 020 | _a9788172157586 | ||
| 035 | _a(BD-JhCC)10256 | ||
| 040 |
_aBD-JhCC _dBD-JhCC |
||
| 041 | _aben | ||
| 082 |
_a891.4435 _bGAN 2003 |
||
| 100 | _aগঙ্গোপাধ্যায়, সুনীল | ||
| 245 |
_aকাকাবাবু সমগ্র ৪ / _cসুনীল গঙ্গোপাধ্যায়, |
||
| 260 |
_aকলকাতা : _bআনন্দ পাবলিশার্স প্রাইভেট লিমিটেড, _c২০০৩. |
||
| 300 |
_a৪৭৮ পৃ. : _c22 cm. |
||
| 650 | _aAdventure Fiction | ||
| 942 |
_2ddc _cBK _019 |
||